000 01298nam a22003617a 4500
003 CHAP
005 20220329140213.0
008 971013s1972 r 00010 d
010 _a48511
011 _a49483
035 _a53632
040 _cCHAP
090 _aTesis
100 0 0 _aSalinas Zapata, Ciro.
_9101724
245 _aEstudio zootécnico y social del municipio de Antiguo Morelos, Tamp.
260 _aCd. Victoria, Tamps. :
_bEl autor,
_c1972
300 _a48 h.
_b; mapa ; plano
502 _aTesis (Médico Veterinario Zootecnista) --Univ. Autónoma de Tamaulipas. Fac. de Medicina Veterinaria y Zootecnia
590 _aALEPH
_b10
_c20130110
_lUCH01
_h1320
590 _aBATCH-UPD
_b10
_c20130109
_lUCH01
_h2352
590 _aBATCH-UPD
_b10
_c20130110
_lUCH01
_h1857
590 _aBATCH-UPD
_b10
_c20130409
_lUCH01
_h1925
590 _aBATCH-UPD
_b10
_c20130410
_lUCH01
_h1226
590 _aBATCH-UPD
_b10
_c20130914
_lUCH01
_h1459
590 _aCONVERSION
_b10
_c20130109
_lUCH01
_h1326
650 1 4 _aGanadería
_xTamaulipas.
_944852
650 1 4 _aTamaulipas
_xCondiciones económicas.
_9111522
650 1 4 _aTamaulipas
_xCondiciones rurales.
_9111523
650 1 4 _aTamaulipas
_xCondiciones sociales.
_9111524
901 _aBK
942 _cTESIS
949 _bBC
_cTES
_d-118817
_eTS1
_i53632
_si
999 _c48511
_d48511